[Event "52nd Rubinstein Mem"]
[Site "Polanica Zdroj POL"]
[Date "2016.08.22"]
[Round "3.18"]
[White "Widla, Piotr"]
[Black "Kowalczyk, Rafal"]
[Result "1-0"]
[WhiteElo "2042"]
[BlackElo "2215"]
[WhiteFideId "1132164"]
[BlackFideId "1133853"]
[EventDate "2016.08.20"]

1. e4 e5 2. Nc3 Nf6 3. g3 Bc5 4. Bg2 d6 5. Na4 Nc6 6. Nxc5 dxc5 7. d3 Be6 8. Be3
Qe7 9. h3 c4 10. Qd2 Rd8 11. Ne2 cxd3 12. cxd3 Nb4 13. O-O Rxd3 14. Qc1 Qd7 15.
Kh2 Qc6 16. Nc3 O-O 17. a3 Na6 18. f4 Re8 19. fxe5 Nd7 20. Bf4 Bc4 21. Rf2 Nac5
22. Qe1 Nxe5 23. Bxe5 Rxe5 24. b4 Nd7 25. Rc1 Qg6 26. Rd2 Nf6 27. Rxd3 Bxd3 28.
Rd1 Bc4 29. Qf2 Bb3 30. Rd8+ Re8 31. Qd4 Qg5 32. Rxe8+ Nxe8 33. Qxa7 Qe5 34. Nd5
h5 35. Qc5 Bxd5 36. Qxd5 Qxd5 37. exd5 b5 38. Bf1 Nd6 39. g4 hxg4 40. hxg4 Kf8
41. Kg3 Ke7 42. Kf4 g6 43. Bd3 Kd7 44. Ke5 c6 45. Kd4 Kc7 46. g5 Kb6 47. Be4 Kc7
48. dxc6 Nxe4 49. Kxe4 Kxc6 50. Ke5 Kd7 51. Kd5 Ke7 52. Kc5 f5 53. gxf6+ Kxf6
54. Kxb5 Ke5 55. Kc4 Ke4 56. a4 1-0

[Event "52nd Rubinstein Mem"]
[Site "Polanica Zdroj POL"]
[Date "2016.08.22"]
[Round "3.19"]
[White "Wisniewski, Michal"]
[Black "Kokoszczynski, Jan"]
[Result "1-0"]
[WhiteElo "2197"]
[BlackElo "1954"]
[WhiteFideId "1159682"]
[BlackFideId "1174460"]
[EventDate "2016.08.20"]

1. e4 e6 2. d4 d5 3. exd5 exd5 4. Nf3 Nc6 5. Bb5 Bd6 6. c4 dxc4 7. d5 a6 8. Ba4
b5 9. dxc6 bxa4 10. O-O Ne7 11. Qxa4 O-O 12. Nbd2 Be6 13. Nxc4 Bd5 14. Nxd6 Bxc6
15. Qa3 Qxd6 16. Qxd6 cxd6 17. Nd4 Bb5 18. Nxb5 axb5 19. Bf4 Rfd8 20. a3 f6 21.
Rac1 Rd7 22. Rfd1 Ng6 23. Bg3 Ne5 24. Bxe5 fxe5 25. Rd5 b4 26. axb4 Rb7 27. Rxd6
Rxb4 28. Rd2 Rab8 29. Rcc2 Kf7 30. Rd7+ Kf6 31. Rc6+ Kf5 32. Rxg7 Rxb2 33. Rf7+
Ke4 34. g3 R8b7 35. Rcc7 Rxc7 36. Rxc7 h6 37. Rf7 Rb6 38. Kg2 Kd3 39. h4 Ke4 40.
g4 Kd3 41. Kg3 1-0

[Event "52nd Rubinstein Mem"]
[Site "Polanica Zdroj POL"]
[Date "2016.08.22"]
[Round "3.20"]
[White "Czerw, Dawid"]
[Black "Kiedowski, Artur"]
[Result "1-0"]
[WhiteElo "2179"]
[BlackElo "1709"]
[WhiteFideId "1145746"]
[BlackFideId "21844526"]
[EventDate "2016.08.20"]

1. d4 d5 2. c4 dxc4 3. Nf3 Nf6 4. Nc3 e6 5. e4 Be7 6. Bxc4 O-O 7. O-O Nbd7 8. e5
Ne8 9. Qe2 Nb6 10. Bd3 f5 11. exf6 Bxf6 12. Rd1 Nd6 13. Ne4 h6 14. Nxd6 cxd6 15.
Qe4 Kf7 16. b3 Nd5 17. Re1 Ne7 18. Ba3 Qb6 19. Rad1 Rd8 20. Bb2 Bd7 21. Nd2 d5
22. Qf4 Kg8 23. Nf3 Rf8 24. Qd2 Rac8 25. Ba3 Rfe8 26. Bb1 Qa6 27. Bb2 Rf8 28.
Bc3 Rc7 29. a4 b6 30. Bb4 Re8 31. Bd6 Rcc8 32. Be5 Rf8 33. Bxf6 Rxf6 34. Ne5 Be8
35. Ng4 Rf7 36. Re3 Nf5 37. Rxe6 Bd7 38. Ree1 Qb7 39. Ne5 Rf6 40. Qd3 g6 41. Qh3
Kg7 42. Ng4 Rf7 43. Bxf5 Bxf5 44. Qxh6+ Kg8 45. Qg5 Rcf8 46. Nh6+ Kg7 47. Nxf5+
Rxf5 48. Re7+ R8f7 49. Rxb7 Rxg5 50. Rxf7+ Kxf7 51. f3 Rh5 52. h3 Ke6 53. Kf2
Rh7 54. Rc1 Kd6 55. Rc8 b5 56. axb5 Rb7 57. Rc6+ Kd7 58. Rc5 Ke6 59. h4 Rh7 60.
Kg3 1-0

[Event "52nd Rubinstein Mem"]
[Site "Polanica Zdroj POL"]
[Date "2016.08.22"]
[Round "3.21"]
[White "Wyczling, Bartosz"]
[Black "Kanicki, Krzysztof"]
[Result "0-1"]
[WhiteElo "1974"]
[BlackElo "2177"]
[WhiteFideId "1169920"]
[BlackFideId "1163450"]
[EventDate "2016.08.20"]

1. d4 Nf6 2. c4 g6 3. Nc3 Bg7 4. e4 d6 5. Nge2 O-O 6. Ng3 e5 7. d5 c6 8. Be2
cxd5 9. cxd5 a5 10. h4 Na6 11. h5 Nc5 12. Be3 Bd7 13. Qd2 a4 14. hxg6 fxg6 15.
O-O Ng4 16. Bxg4 Bxg4 17. Rac1 Bd7 18. Qe2 h5 19. Rfe1 Qa5 20. Bxc5 Qxc5 21.
Nxa4 Qa5 22. Nc3 b5 23. a3 Bh6 24. Rc2 b4 25. axb4 Qxb4 26. Nxh5 gxh5 27. Qxh5
Rf6 28. g3 Kh7 29. Kg2 Rg8 30. Qh4 Rgf8 31. Rh1 Qc5 32. Rf1 Kg7 33. Re2 Rg6 34.
f3 Bf4 35. g4 Rh6 36. Rh1 Rxh4 37. Rxh4 Rh8 38. Rxh8 Kxh8 39. Re1 Bd2 0-1

[Event "52nd Rubinstein Mem"]
[Site "Polanica Zdroj POL"]
[Date "2016.08.22"]
[Round "3.22"]
[White "Bajkowski, Marcin"]
[Black "Piotrowski, Przemyslaw"]
[Result "1/2-1/2"]
[WhiteElo "1927"]
[BlackElo "2155"]
[WhiteFideId "1129139"]
[BlackFideId "1127063"]
[EventDate "2016.08.20"]

1. e4 d6 2. d4 Nf6 3. Nc3 e5 4. dxe5 dxe5 5. Qxd8+ Kxd8 6. Bg5 c6 7. Bc4 Be6 8.
Bxe6 fxe6 9. O-O-O+ Nd7 10. f3 Kc7 11. Be3 Bc5 12. Bxc5 Nxc5 13. Nh3 b5 14. Nf2
b4 15. Nb1 Nfd7 16. Nd2 Nb6 17. Ng4 Ncd7 18. Ne3 a5 19. Ndc4 a4 20. a3 Rab8 21.
Rd2 Nxc4 22. Nxc4 bxa3 23. Nxa3 Rb4 24. c3 Rb7 25. Nc4 Nc5 26. Kc2 Rhb8 27. Rhd1
Rb5 28. Kb1 Rb3 29. Ka2 Ra8 30. Na3 Rab8 31. Nc4 g6 32. Na5 R3b5 33. Nc4 Rb3 34.
Na5 R3b6 35. Nc4 Rb3 1/2-1/2

[Event "52nd Rubinstein Mem"]
[Site "Polanica Zdroj POL"]
[Date "2016.08.22"]
[Round "3.23"]
[White "Jankowiak, Tomasz"]
[Black "Luba, Lukasz"]
[Result "0-1"]
[WhiteElo "1815"]
[BlackElo "2117"]
[WhiteFideId "1185357"]
[BlackFideId "1117289"]
[EventDate "2016.08.20"]

1. e4 e6 2. d4 d5 3. Nd2 f5 4. e5 c5 5. c3 Nc6 6. Nb3 c4 7. Nd2 b5 8. h4 Be7 9.
Qh5+ g6 10. Qf3 Bd7 11. Ne2 Qb6 12. Nf4 O-O-O 13. g3 a5 14. a4 b4 15. Nxc4 dxc4
16. Bxc4 Nxe5 17. dxe5 Bc6 18. Bxe6+ Kb8 19. Bd5 Rxd5 20. Nxd5 Qc5 21. Be3 Bxd5
22. Bxc5 Bxf3 23. Bxe7 Nxe7 24. O-O g5 25. h5 g4 26. Rfe1 Rg8 27. Re3 Rg5 28.
Rxf3 gxf3 29. cxb4 axb4 30. Rd1 Nc6 31. Rd6 Nxe5 32. Rb6+ Ka7 33. Rxb4 Rxh5 34.
Rb5 Nc6 35. g4 Rh4 36. Rxf5 Nd4 37. Rh5 Rxg4+ 38. Kf1 Rg7 39. Ke1 Re7+ 40. Kd2
Re2+ 41. Kd3 Nc2 42. Rxh7+ Ka6 43. Rh1 Rxf2 44. b4 Re2 45. Rh6+ Kb7 46. Rf6
Nxb4+ 47. Kc4 Nc6 48. Kb5 Ne5 49. a5 Rb2+ 50. Ka4 f2 51. a6+ Ka7 52. Rf5 Kxa6
53. Ka3 Nc4+ 54. Ka4 Ne3 55. Rf6+ Kb7 56. Ka3 Re2 0-1

[Event "52nd Rubinstein Mem"]
[Site "Polanica Zdroj POL"]
[Date "2016.08.22"]
[Round "3.24"]
[White "Bachor, Tomasz"]
[Black "Praczukowski, Stanislaw"]
[Result "0-1"]
[WhiteElo "1758"]
[BlackElo "2096"]
[WhiteFideId "21814694"]
[BlackFideId "1182730"]
[EventDate "2016.08.20"]

1. e4 c6 2. d4 d5 3. e5 Bf5 4. Nf3 e6 5. Be2 Nd7 6. O-O Ne7 7. Be3 Bg4 8. h3
Bxf3 9. Bxf3 Nf5 10. Nd2 f6 11. exf6 Qxf6 12. c3 Bd6 13. Bh5+ g6 14. Be2 O-O 15.
Nf3 e5 16. Bg5 Qg7 17. dxe5 Nxe5 18. Nd4 Rae8 19. Bd3 Nxd4 20. cxd4 Nxd3 21.
Qxd3 Re4 22. Be3 Bb8 23. g3 Rf3 24. Qe2 Qf6 25. Kh1 Qf5 26. g4 Rxh3+ 27. Kg2
Rxg4+ 0-1

[Event "52nd Rubinstein Mem"]
[Site "Polanica Zdroj POL"]
[Date "2016.08.22"]
[Round "3.25"]
[White "Rozycki, Bartlomiej"]
[Black "Witwicki, Pawel"]
[Result "1-0"]
[WhiteElo "2118"]
[BlackElo "1870"]
[WhiteFideId "1106996"]
[BlackFideId "1136046"]
[EventDate "2016.08.20"]

1. d4 Nf6 2. c4 c5 3. d5 b5 4. cxb5 a6 5. e3 g6 6. Nc3 Bg7 7. Nf3 O-O 8. a4 d6
9. Bc4 axb5 10. Nxb5 Ne4 11. Nd2 Nf6 12. O-O Bb7 13. e4 Na6 14. Re1 Nb4 15. Qb3
Qb6 16. Bf1 Ba6 17. Nc4 Qb8 18. Ra3 Bc8 19. Bd2 Na6 20. a5 Nd7 21. Qa4 Nc7 22.
Rb3 Nxb5 23. Rxb5 Qc7 24. Rb3 Ba6 25. Nb6 Nxb6 26. axb6 Qb7 27. Qc6 Rfb8 28. Ra1
c4 29. Rba3 Bxb2 30. Rxa6 Bxa1 31. Qxb7 1-0

[Event "52nd Rubinstein Mem"]
[Site "Polanica Zdroj POL"]
[Date "2016.08.23"]
[Round "4.1"]
[White "Malaniuk, Vladimir P"]
[Black "Pacan-Milej, Kosma"]
[Result "1/2-1/2"]
[WhiteTitle "GM"]
[WhiteElo "2471"]
[BlackElo "2127"]
[WhiteFideId "14100177"]
[BlackFideId "21800537"]
[EventDate "2016.08.20"]

1. d4 Nf6 2. Nf3 e6 3. c4 b6 4. e3 Bb7 5. Bd3 d5 6. cxd5 exd5 7. b3 Bd6 8. Ba3
O-O 9. Bxd6 Qxd6 10. Nc3 c5 11. O-O Nbd7 12. Rc1 Rac8 13. Qe2 Rfe8 14. Rfd1 Qb8
15. Bf5 Rcd8 16. Bxd7 Nxd7 17. dxc5 Nxc5 18. b4 Ne4 19. Qb2 h6 20. h3 Kh7 21.
Qb3 Nf6 22. Rd2 Rd7 23. Rdc2 Red8 24. Nd4 Ne4 25. Ncb5 a6 26. Nc3 Qa7 27. a4 Qb8
28. a5 bxa5 29. bxa5 Nc5 30. Qb1 Kh8 31. Rb2 Qe5 32. Nce2 Rc8 33. Rxc5 Rxc5 34.
Rxb7 Rxb7 35. Qxb7 Rxa5 36. Qb2 Rb5 37. Qa2 Rb6 38. Nc3 Rd6 39. g3 Qh5 40. Kg2
Qe5 41. Kg1 Qg5 42. Nce2 Qd8 43. Nf4 g6 44. h4 h5 45. Kg2 a5 46. Qa4 Kg7 47. Qa1
Kg8 48. Qa4 Kg7 49. Kh2 Kh7 50. Qb5 Kg8 51. Nb3 Kg7 52. Nxa5 Qb6 53. Qxb6 Rxb6
54. Kg2 Kf8 55. Kf3 Kg7 56. Ne2 Kf6 57. Nd4 Ke5 58. Nab3 Rd6 59. Nc5 Kf6 60. Kf4
Rd8 61. f3 Ra8 62. Nd7+ Kg7 63. Nb6 Rd8 64. Na4 Rc8 65. Nb6 Rd8 66. Ne2 f6 67.
Na4 Re8 68. Nac3 g5+ 69. hxg5 fxg5+ 70. Kxg5 Rxe3 71. Kxh5 Rxf3 1/2-1/2

[Event "52nd Rubinstein Mem"]
[Site "Polanica Zdroj POL"]
[Date "2016.08.23"]
[Round "4.2"]
[White "Cyborowski, Lukasz"]
[Black "Lewtak, Damian"]
[Result "1/2-1/2"]
[WhiteTitle "GM"]
[WhiteElo "2526"]
[BlackElo "2389"]
[WhiteFideId "1108760"]
[BlackFideId "1141724"]
[EventDate "2016.08.20"]

1. e4 e6 2. d3 d5 3. Qe2 dxe4 4. dxe4 e5 5. Nf3 Nc6 6. c3 Nf6 7. Qc2 a6 8. Be2
h6 9. O-O Be6 10. Nbd2 Nd7 11. Nc4 g6 12. b4 Bg7 13. a4 O-O 14. Ba3 Re8 15. Rfd1
Qb8 16. Ne3 b5 17. Nf5 Bf8 18. Bc1 bxa4 19. Qxa4 gxf5 20. exf5 Bxf5 21. Qxc6 Nb6
22. Nh4 Bc2 23. Bd3 e4 24. Bxc2 Re6 25. Bxe4 Rxc6 26. Bxc6 Ra7 27. Be3 Qc8 28.
Nf3 Bg7 29. Re1 Bxc3 30. Bd4 Bxa1 31. Bxa1 a5 32. Bc3 a4 33. Re8+ Qxe8 34. Bxe8
Ra8 35. Bc6 Rd8 36. Nd4 Nd5 37. Bxd5 Rxd5 38. Kf1 c5 39. bxc5 Rxc5 40. Bb2 Rc4
41. Nf5 Rb4 42. Ba3 Rb3 43. Be7 Kh7 44. Nd4 Rc3 45. Ne2 Rb3 46. Ke1 a3 47. Nc1
Rb1 48. Bxa3 Ra1 49. Bb2 1/2-1/2

[Event "52nd Rubinstein Mem"]
[Site "Polanica Zdroj POL"]
[Date "2016.08.23"]
[Round "4.3"]
[White "Farkas, Gabor1"]
[Black "Pavlov, Sergey2"]
[Result "1/2-1/2"]
[WhiteTitle "FM"]
[BlackTitle "IM"]
[WhiteElo "2368"]
[BlackElo "2473"]
[WhiteFideId "14908034"]
[BlackFideId "14114330"]
[EventDate "2016.08.20"]

1. d4 Nf6 2. Nf3 e6 3. Bf4 c5 4. c3 Nc6 5. e3 Nh5 6. Bg5 Qb6 7. Qb3 h6 8. Bh4 g5
9. Bg3 Nxg3 10. hxg3 Bg7 11. Nbd2 d5 12. Be2 Bd7 13. g4 Rc8 14. Nf1 Na5 15. Qxb6
axb6 16. Ng3 Ke7 17. Nh5 Bf8 18. Nd2 f6 19. Nb3 Nc4 20. Bxc4 dxc4 21. Nd2 cxd4
22. exd4 Kf7 23. f3 f5 24. O-O-O Bd6 25. f4 fxg4 26. Ne4 Be7 27. fxg5 Bxg5+ 28.
Nxg5+ hxg5 29. Rhf1+ Ke7 30. Nf6 Rcf8 31. Nxg4 Rxf1 32. Rxf1 Bc6 33. Ne3 b5 34.
b3 Rh2 35. Rg1 cxb3 36. axb3 Rh4 37. Re1 Kd6 38. b4 Rf4 39. Kd2 Be4 40. Re2 Bg6
41. Ke1 Rf8 42. Rf2 Rc8 43. Kd2 Ra8 44. Rf6 Be4 45. g4 Ra2+ 46. Ke1 Bd3 47. Nf5+
Kd5 48. Ne3+ Ke4 49. Rxe6+ Kf3 50. Nf5 Kxg4 51. Nh6+ Kf4 52. Rf6+ Ke4 53. Re6+
Kd5 54. Re5+ Kc4 55. d5 Ra6 56. Ng4 Kxc3 57. Rxg5 Kxb4 58. Nf2 Bc4 59. Ne4 Ra3
60. Nd6 Rd3 61. Nxb7 Bxd5 62. Nd6 Bc4 63. Nxb5 Bxb5 64. Kf2 Bc6 65. Ke2 Ra3 66.
Rg4+ Kc5 67. Rh4 Kd5 68. Kd2 Ke5 69. Rc4 Be4 70. Rb4 Rd3+ 71. Ke2 Kf4 72. Rc4
Rd7 73. Rb4 Rh7 74. Kd2 Rh2+ 75. Kc3 Ke3 76. Rb2 Rh1 77. Kc4 Rc1+ 78. Kb5 Kd4
79. Kb6 Bd5 80. Rd2+ Ke5 81. Kb5 Kd6 82. Kb4 Rb1+ 83. Kc3 Kc5 84. Kd3 Rb3+ 85.
Ke2 Rh3 86. Kf2 Be4 87. Rd1 Bd3 88. Kg2 Re3 89. Kf2 Re2+ 90. Kf3 Kd4 91. Kf4
Rf2+ 92. Kg3 Rf6 93. Re1 Be4 94. Ra1 Ke5 95. Ra5+ Bd5 96. Ra4 Rf3+ 97. Kg4 Rd3
98. Ra5 Rd4+ 99. Kg3 Rd2 100. Kg4 Rg2+ 101. Kh3 Rg8 102. Kh2 Rg5 103. Ra4 Rg6
104. Ra5 Ke4 105. Rc5 Rg5 106. Rc8 Ke3 107. Rc3+ Kf4 108. Rc8 Rh5+ 109. Kg1 Kg3
110. Kf1 Re5 111. Rc3+ Bf3 112. Rd3 Rd5 113. Rxd5 Bxd5 1/2-1/2

[Event "52nd Rubinstein Mem"]
[Site "Polanica Zdroj POL"]
[Date "2016.08.23"]
[Round "4.4"]
[White "Gumularz, Szymon"]
[Black "Shishkin, Vadim UKR"]
[Result "1/2-1/2"]
[BlackTitle "GM"]
[WhiteElo "2260"]
[BlackElo "2469"]
[WhiteFideId "1188062"]
[BlackFideId "14101696"]
[EventDate "2016.08.20"]

1. Nf3 Nf6 2. c4 g6 3. g3 Bg7 4. Bg2 O-O 5. O-O d5 6. d4 dxc4 7. Na3 Na6 8. Nxc4
c5 9. b3 Bf5 10. Bb2 Be4 11. Rc1 Rc8 12. Qd2 b6 13. Rfd1 Qc7 14. dxc5 Nxc5 15.
b4 Ne6 16. Qe3 Qb7 17. Bh3 Bd5 18. Nfe5 Rfd8 19. a3 Bxc4 20. Rxd8+ Rxd8 21. Nxc4
Nd5 22. Qb3 Nd4 23. Bxd4 Bxd4 24. Bg2 Qc7 25. e3 Bg7 26. Rd1 Nc3 27. Rxd8+ Qxd8
28. Qc2 e6 29. Nd2 Qd7 30. Ne4 Qa4 31. Qxa4 Nxa4 32. Bf1 Bb2 33. Bb5 Nc3 34.
Nxc3 Bxc3 35. Bc4 1/2-1/2

[Event "52nd Rubinstein Mem"]
[Site "Polanica Zdroj POL"]
[Date "2016.08.23"]
[Round "4.5"]
[White "Socko, Monika"]
[Black "Tomczak, Mikolaj"]
[Result "1/2-1/2"]
[WhiteTitle "GM"]
[BlackTitle "FM"]
[WhiteElo "2454"]
[BlackElo "2298"]
[WhiteFideId "1106619"]
[BlackFideId "1175114"]
[EventDate "2016.08.20"]

1. e4 g6 2. d4 Bg7 3. Nc3 d6 4. Be3 a6 5. Qd2 b5 6. a4 b4 7. Na2 Nf6 8. f3 a5 9.
c3 bxc3 10. Nxc3 O-O 11. Bc4 Nc6 12. Nge2 Nb4 13. d5 Nd7 14. Nd4 Nb6 15. Be2 e6
16. Nc6 Qh4+ 17. g3 Qh3 18. Nb5 exd5 19. Nxb4 axb4 20. Nxc7 Rxa4 21. Rxa4 Nxa4
22. Nxd5 Qg2 23. Rg1 Qxh2 24. Ne7+ Kh8 25. Qxd6 Be6 26. Qxb4 Nxb2 27. e5 Bxe5
28. Nxg6+ hxg6 29. Qxf8+ Kh7 30. Qb4 Bxg3+ 31. Rxg3 Qxg3+ 32. Bf2 Qe5 33. Qh4+
Qh5 34. Qf6 Qh1+ 35. Kd2 Na4 36. Bd4 Qh6+ 37. Kc2 Qf8 38. Bb5 Nc5 39. Qh4+ Qh6
40. Qxh6+ Kxh6 41. Bxc5 g5 42. Kd3 Bd5 43. Ke2 Kg6 44. Be7 f6 45. Be8+ Kg7 46.
Ke3 Bb7 47. Bb5 Kf7 48. Bd8 Bd5 49. Bd3 Kg7 50. Be4 Be6 51. Kd4 Bh3 52. Bd3 Bc8
53. Kc5 Bb7 54. Be4 Bc8 55. Kd6 Bh3 56. Bd3 Bg2 57. Be2 Kf7 58. Ba5 Bh1 59. Bd2
Bg2 60. Bc4+ Kg6 61. Bd5 f5 62. Ke5 Bh1 63. Bc6 Bg2 64. Bb4 Bh1 65. Be7 Bg2 66.
Bd5 Bh1 67. Bd8 Bg2 68. Bc6 Bh1 69. Kd4 Kh6 70. Bd5 Kg6 71. Bc7 Bg2 72. Bc6 Kh6
73. Kc5 f4 74. Bd5 Kh5 75. Ba5 Bh3 76. Be1 Bc8 77. Kd4 g4 78. Ke5 gxf3 79. Kxf4
Kg6 80. Bxf3 Be6 81. Be4+ Kf6 82. Bh4+ Kf7 83. Ke5 Ba2 84. Bf3 Bb1 85. Bg4 Bc2
86. Be6+ Kg6 87. Kd6 Bf5 88. Bg8 Kh5 89. Be1 Kg4 90. Ke5 Bc8 91. Bb3 Kf3 92. Bc3
Kg4 93. Bd5 Kg5 94. Bd2+ Kg6 95. Bc6 Kf7 96. Be3 Bh3 97. Bd5+ Kg6 98. Be4+ 1/2-1/2

[Event "52nd Rubinstein Mem"]
[Site "Polanica Zdroj POL"]
[Date "2016.08.23"]
[Round "4.6"]
[White "Voloshin, Leonid"]
[Black "Nowak, Kamil"]
[Result "1/2-1/2"]
[WhiteTitle "GM"]
[WhiteElo "2425"]
[BlackElo "2240"]
[WhiteFideId "311111"]
[BlackFideId "1168681"]
[EventDate "2016.08.20"]

1. Nf3 d5 2. g3 Nf6 3. Bg2 Bf5 4. O-O e6 5. d3 Be7 6. Nbd2 O-O 7. Qe1 h6 8. e4
Bh7 9. Qe2 c5 10. Ne5 Nbd7 11. Nxd7 Qxd7 12. e5 Ne8 13. h4 Nc7 14. Nf3 b5 15.
Bf4 d4 16. Nh2 Nd5 17. Bd2 Rac8 18. Be4 Bxe4 19. Qxe4 Rfd8 20. Nf3 Nb6 21. Ba5
Qc6 22. Qxc6 Rxc6 23. a4 bxa4 24. Nd2 c4 25. Nxc4 Rd7 26. Bxb6 axb6 27. Rxa4 b5
28. Ra8+ Kh7 29. Na3 Bxa3 30. Rxa3 Rxc2 31. Rb3 Rd5 32. Re1 1/2-1/2

[Event "52nd Rubinstein Mem"]
[Site "Polanica Zdroj POL"]
[Date "2016.08.23"]
[Round "4.7"]
[White "Kanicki, Krzysztof"]
[Black "Szelag, Marcin"]
[Result "0-1"]
[BlackTitle "IM"]
[WhiteElo "2177"]
[BlackElo "2443"]
[WhiteFideId "1163450"]
[BlackFideId "1112228"]
[EventDate "2016.08.20"]

1. e4 c5 2. Nf3 d6 3. d4 cxd4 4. Nxd4 Nf6 5. Nc3 a6 6. Be3 e5 7. Nb3 Be6 8. f3
h5 9. Be2 Nbd7 10. Nd5 Bxd5 11. exd5 g6 12. O-O Bh6 13. Bxh6 Rxh6 14. Qd2 Rh8
15. Na5 Qb6+ 16. Kh1 h4 17. Nc4 Qc7 18. a4 Nh5 19. Qb4 Ke7 20. f4 Ng3+ 21. hxg3
hxg3+ 22. Kg1 Rh4 23. Bg4 Rxg4 24. Rae1 a5 25. Qb5 Rh8 26. fxe5 Rxc4 27. exd6+
Kxd6 28. Rxf7 Qc5+ 29. Qxc5+ Nxc5 30. Rf6+ Kxd5 31. Rxg6 Ne4 32. Rg4 Rh1+ 33.
Kxh1 Nf2+ 34. Kg1 Nxg4 35. c3 Rxa4 36. Rb1 Ne3 37. Re1 Ra2 0-1

[Event "52nd Rubinstein Mem"]
[Site "Polanica Zdroj POL"]
[Date "2016.08.23"]
[Round "4.8"]
[White "Cukrowski, Filip"]
[Black "Czerw, Dawid"]
[Result "1-0"]
[WhiteTitle "FM"]
[WhiteElo "2381"]
[BlackElo "2179"]
[WhiteFideId "1171097"]
[BlackFideId "1145746"]
[EventDate "2016.08.20"]

1. e4 c5 2. Nf3 g6 3. d4 cxd4 4. Nxd4 Nc6 5. c4 Nf6 6. Nc3 Nxd4 7. Qxd4 d6 8. f3
Bg7 9. Be3 O-O 10. Qd2 Be6 11. Rc1 Qa5 12. Be2 Rfc8 13. b3 a6 14. Na4 Qxd2+ 15.
Kxd2 Nd7 16. g4 f5 17. gxf5 gxf5 18. Rhg1 Kh8 19. exf5 Bxf5 20. f4 Rf8 21. Bf3
Rab8 22. c5 dxc5 23. Nxc5 Nxc5 24. Rxc5 Rbd8+ 25. Ke2 Bd3+ 26. Kf2 b5 27. Rd1
Bf6 28. Rd5 Rxd5 29. Bxd5 Bf5 30. Bb7 Bc8 31. Bf3 Bf5 32. Bb7 Bc8 33. Bf3 Bf5
34. Bd4 Bxd4+ 35. Rxd4 Rc8 36. Rd2 Rc7 37. Be2 Kg7 38. a4 bxa4 39. bxa4 Bc2 40.
a5 Rc5 41. Ke3 Ba4 42. Bd3 Bb5 43. Rg2+ Kh6 44. Kd4 Rh5 45. Be4 Rh3 46. Ke5 Ra3
47. Rg3 Rxa5 48. Ke6 Ra4 49. Re3 Ra2 50. Rh3+ Kg7 51. Kxe7 Re2 52. Rg3+ Kh6 53.
Kf6 Bd7 54. Bd3 Rf2 55. f5 Rxh2 56. Ke7 Bb5 57. Bxb5 axb5 58. f6 Ra2 59. f7 Ra7+
60. Ke6 1-0

[Event "52nd Rubinstein Mem"]
[Site "Polanica Zdroj POL"]
[Date "2016.08.23"]
[Round "4.9"]
[White "Chmiel, Marcin"]
[Black "Siekanski, Janusz"]
[Result "0-1"]
[WhiteElo "2194"]
[BlackElo "2290"]
[WhiteFideId "1135503"]
[BlackFideId "1100599"]
[EventDate "2016.08.20"]

1. e4 c5 2. Nf3 e6 3. d4 cxd4 4. Nxd4 Nf6 5. Nc3 d6 6. g4 Nc6 7. g5 Nd7 8. Be3
Be7 9. Rg1 O-O 10. Qh5 g6 11. Qh4 Nde5 12. Be2 f6 13. O-O-O Nxd4 14. Rxd4 fxg5
15. Qg3 a6 16. Kb1 b5 17. a3 Rb8 18. f3 Qb6 19. Rgd1 Nf7 20. R4d3 Qc7 21. Na2
Bf6 22. Bd4 Bxd4 23. Rxd4 a5 24. h4 e5 25. Rd5 b4 26. axb4 axb4 27. Bb5 Be6 28.
Nxb4 Bxd5 29. Rxd5 gxh4 30. Qxh4 Rfc8 31. c4 Qb6 32. Rd1 Qd8 33. Qf2 Ra8 34. Nc6
Qf8 35. Qh4 Rc7 36. Rh1 Nd8 37. Nb4 Raa7 38. Nd5 Rf7 39. c5 dxc5 40. Bc4 Kh8 41.
Qg5 Qd6 42. f4 Nc6 43. f5 gxf5 44. Rh6 Qd8 45. Qg6 Na5 46. Bb5 Nb3 47. Ba4 Nd2+
48. Kc2 fxe4 49. Qe6 Nf3 50. Kb1 Qg8 51. Rh1 Rxa4 52. Nf6 Qd8 53. Nd5 Raa7 54.
Rh3 Rg7 0-1

[Event "52nd Rubinstein Mem"]
[Site "Polanica Zdroj POL"]
[Date "2016.08.23"]
[Round "4.10"]
[White "Luba, Lukasz"]
[Black "Zochowski, Kacper"]
[Result "0-1"]
[WhiteElo "2117"]
[BlackElo "2275"]
[WhiteFideId "1117289"]
[BlackFideId "1125494"]
[EventDate "2016.08.20"]

1. d4 Nf6 2. c4 e6 3. Nc3 Bb4 4. a3 Bxc3+ 5. bxc3 O-O 6. Nf3 Ne4 7. g4 d5 8. Qc2
Nc6 9. Bg2 Na5 10. c5 Nc4 11. h4 b6 12. Ng5 f5 13. f3 Nxg5 14. hxg5 g6 15. gxf5
exf5 16. Bf4 bxc5 17. Rh6 Rb8 18. Ra2 cxd4 19. cxd4 Qe7 20. Kf2 Re8 21. Qc1 Rb3
22. Qh1 Ba6 23. Bf1 Rb1 24. Qh4 c5 25. Bh3 Bc8 26. Rc2 cxd4 27. Bf1 d3 28. Ra2
dxe2 29. Rxe2 Rxf1+ 30. Kg3 Qxe2 0-1

[Event "52nd Rubinstein Mem"]
[Site "Polanica Zdroj POL"]
[Date "2016.08.23"]
[Round "4.11"]
[White "Grela, Kacper"]
[Black "Zebracki, Tomasz"]
[Result "1-0"]
[WhiteTitle "FM"]
[WhiteElo "2274"]
[BlackElo "2172"]
[WhiteFideId "1154141"]
[BlackFideId "1181521"]
[EventDate "2016.08.20"]

1. e4 e6 2. d4 d5 3. exd5 exd5 4. Nf3 Nf6 5. Bd3 Bd6 6. O-O O-O 7. Bg5 Bg4 8.
Nbd2 Nbd7 9. h3 Bh5 10. c4 c6 11. cxd5 cxd5 12. Qb3 Qb6 13. Qxb6 Nxb6 14. Nh4
Rfe8 15. Nf5 Bf8 16. Rfe1 Bg6 17. g4 Rxe1+ 18. Rxe1 Re8 19. Rc1 Rc8 20. Re1 Re8
21. Rd1 a6 22. b3 Nc8 23. f3 Na7 24. Nf1 Bxf5 25. Bxf5 Nc6 26. Kf2 Be7 27. Bf4
g6 28. Bb1 Bd8 29. Ng3 Nd7 30. Ne2 Nf8 31. Nc3 Ne6 32. Nxd5 Nxf4 33. Nxf4 Nxd4
34. Be4 Nc6 35. Rd7 Bh4+ 36. Kf1 Re7 37. Rd1 Re8 38. Ng2 Bg5 39. Rd6 Rd8 40.
Rxd8+ Bxd8 41. Bxc6 bxc6 42. Ke2 Kf8 43. Kd3 Ke7 44. Kc4 Kd6 45. Nf4 Bg5 46. Nd3
Bd2 47. Nc5 Ke5 48. Nxa6 Kf4 49. Kd3 Ba5 50. Ke2 Kg3 51. Nb8 c5 52. Nc6 Bc7 53.
a4 Kxh3 54. a5 Kg2 55. a6 Bb6 56. Ne7 c4 57. bxc4 h5 58. gxh5 gxh5 59. Nd5 Ba7
60. Nf4+ 1-0

[Event "52nd Rubinstein Mem"]
[Site "Polanica Zdroj POL"]
[Date "2016.08.23"]
[Round "4.12"]
[White "Karpus, Michal"]
[Black "Leks, Maria"]
[Result "1-0"]
[WhiteTitle "FM"]
[BlackTitle "WCM"]
[WhiteElo "2240"]
[BlackElo "2142"]
[WhiteFideId "1174088"]
[BlackFideId "1134957"]
[EventDate "2016.08.20"]

1. e4 d6 2. d4 Nf6 3. Nc3 e5 4. Nf3 Nbd7 5. Bc4 Be7 6. a4 c6 7. O-O O-O 8. h3 a5
9. Re1 Nb6 10. Ba2 Nfd7 11. Be3 exd4 12. Nxd4 Nc5 13. Qh5 Nbxa4 14. Nxa4 Nxa4
15. Nf3 Nc5 16. Ng5 Bxg5 17. Bxg5 Qc7 18. Bf4 Ne6 19. Bg3 b6 20. Rad1 Rd8 21. f4
g6 22. Qh6 d5 23. Kh2 Qe7 24. f5 Qf8 25. Qe3 Nc5 26. fxg6 hxg6 27. exd5 cxd5 28.
Bh4 Rd7 29. Be7 Qg7 30. Rxd5 Bb7 31. Rxd7 Nxd7 32. Bg5 Rc8 33. c3 Bc6 34. Qf4
Nc5 35. Re7 Be8 36. Qe3 Ba4 37. Rxf7 Qxf7 38. Bxf7+ Kxf7 39. Qe7+ Kg8 40. Bf6 1-0